LEADER 01082nam a2200253 i 4500 001 000000163941 003 CaOOAMICUS 005 20240423145827.0 008 070822s1971 it u000 u ita u 040 $aSeMil$bita 100 1 $aFossati, Paolo.$0(OLS)http://semarc/name/3408 245 12$aL'immagine sospesa :$bpittura e scultura astratte in Italia, 1934-40 /$cPaolo Fossati. 264 1$aTorino :$bGiulio Einaudi,$c1971. 300 $aXIV, 224 p., [60] p. di tav. ;$c22 cm. 490 1 $aSaggi ;$v478 650 4$aPittura italiana - Sec. 20.$0(OLS)http://semarc/subject/23268 650 4$aScultura italiana - Sec. 20.$0(OLS)http://semarc/subject/35359 830 0$aSaggi ;$v478.$0(OLS)http://semarc/title/341 850 $aSeMil 852 $aSeMil$W1$xVenegono$y1$m5E I 38$j247970$B115235$CSeMilBibl$Z2$F126112 $81 961 $aRecupero: Altro 996 $6245$aL'immagine sospesa :$bpittura e scultura astratte in Italia, 1934-40$9(OLS)http://semarc/title/233899 996 $6264$aTorino :$bGiulio Einaudi$9(OLS)http://semarc/publisher/29810 LEADER 01280nam a2200277 i 4500 001 000000193539 003 CaOOAMICUS 005 20251201103555.0 008 150410n it u000 u ita u 013 $a172182 040 $aSeMil$bita 100 1 $aGoldoni, Carlo,$d<1707-1793>.$0(OLS)http://semarc/name/457 245 13$aIl ventaglio /$cCarlo Goldoni ; a cura di Gustavo Balsamo-Crivelli ; con introduzione di Arturo Graf su il modo di comporre del Goldoni. 260 $aTorino ; Milano ; Firenze ; Roma ; Napoli ; Palermo :$bParavia & C.,$cstampa 1931. 300 $aXXIV, 101 p. ;$c[1] c. di tav. :$bill. ;$c20 cm. 490 0 $aBiblioteca di classici italiani 700 1 $aBalsamo-Crivelli, Gustavo.$0(OLS)http://semarc/name/556 700 1 $aGraf, Arturo,$c<1848-1913>.$0(OLS)http://semarc/name/7681 830 0$aBiblioteca di classici italiani.$0(OLS)http://semarc/title/9081 850 $aSeMil 852 $aSeMil$W1$xVenegono$y1$m3GC II 260$j144113$B144113$CSeMilBibl$Z2$F155556 $8B 941 1 $a3 961 $aLascito: Colombo Card. Giovanni 996 $6245$aIl ventaglio$9(OLS)http://semarc/title/279003 996 $6260$aTorino ; Milano ; Firenze ; Roma ; Napoli ; Palermo :$bParavia & C.$9(OLS)http://semarc/publisher/32997